Statistics for All WWE/WWF Royal Rumble Entrants 1988-2024

Click here to take the quiz!

General Stats

  • This quiz has been taken 2,740 times
    (318 since last reset)
  • The average score is 255 of 448

Answer Stats

1988% Correct
Cody Rhodes
94%
The Undertaker
94%
Isaac Yankem
93%
John Cena
93%
Brock Lesnar
92%
Triple H
92%
Bret Hart
91%
Edge
91%
Rey Mysterio
91%
Shawn Michaels
91%
Charlotte Flair
90%
CM Punk
90%
Dean Ambrose
90%
Hulk Hogan
90%
Mo
90%
Owen Hart
90%
Randy Orton
90%
Ric Flair
90%
Rocky Maivia
90%
Roman Reigns
90%
Seth Rollins
90%
Jeff Hardy
89%
Matt Hardy
89%
Big E Langston
88%
Big Show
88%
Chris Jericho
88%
Dusty Rhodes
88%
Dominik Mysterio
87%
Jey Uso
87%
Jim Duggan
87%
Jimmy Uso
87%
Sami Zayn
87%
Sheamus
87%
The Ringmaster
87%
Vince McMahon
87%
Drew McIntyre
86%
Jerry Lawler
86%
Kofi Kingston
86%
Shane McMahon
86%
The Miz
86%
Xia Li
86%
Brie Bella
85%
Dolph Ziggler
85%
Luther Reigns
85%
Diesel
84%
Eddie Guerrero
84%
Nikki Bella
84%
Bobby Lashley
83%
Braun Strowman
83%
Chris Benoit
83%
Christian
83%
Kevin Owens
83%
R-Truth
83%
Adam Cole
82%
Ax
82%
Batista
82%
Chavo Guerrero
82%
Husky Harris
82%
Kurt Angle
82%
Michael Cole
82%
Ted DiBiase
82%
Ted DiBiase Jr
82%
Vickie Guerrero
82%
AJ Styles
81%
Alberto Del Rio
81%
Booker T
81%
Lita
81%
Shinsuke Nakamura
81%
Trish Stratus
81%
Xavier Woods
81%
Erick Rowan
80%
Heath Slater
80%
Luke Harper
80%
The Great Khali
80%
The Ultimate Warrior
80%
Bradshaw
79%
Naomi
79%
Rico
79%
Bubba Ray Dudley
78%
Daniel Bryan
78%
Fatu
78%
Goldust
78%
Liv Morgan
78%
Nia Jax
78%
Yokozuna
78%
123 Kid
77%
Johnny Nitro
77%
Santino Marella
77%
Spike Dudley
77%
Andre The Giant
76%
Chyna
76%
Logan Paul
76%
Mankind
76%
Mark Henry
76%
Roddy Piper
76%
Bayley
75%
Carlito
75%
Randy Savage
75%
Ronda Rousey
75%
Ryback
75%
Shelton Benjamin
75%
Wade Barrett
75%
Big John Studd
74%
Cesaro
74%
Finn Bálor
74%
LOD Hawk
74%
MVP
74%
Rusev
74%
Jamal
73%
The British Bulldog
73%
The Hurricane
73%
Matt Morgan
72%
Asuka
71%
Becky Lynch
71%
Beth Phoenix
71%
Chainz
71%
Goldberg
71%
Jinder Mahal
71%
Mabel
71%
Rhea Ripley
71%
Rob Van Dam
71%
Bianca Belair
70%
Billy Gunn
70%
David Otunga
70%
Jake Roberts
70%
Justin Gabriel
70%
Keith Lee
70%
Lex Luger
70%
LOD Animal
70%
Luke Gallows
70%
Molly Holly
70%
Papa Shango
70%
Bart Gunn
69%
Hornswoggle
69%
Smash
69%
Adam Rose
68%
Crash Holly
68%
Fit Finlay
68%
Jack Swagger
68%
Mandy Rose
68%
Michael McGuillicutty
68%
Sasha Banks
68%
Sparky Plugg
68%
Big Cass
67%
Sin Cara
67%
Aleister Black
66%
Damian Priest
66%
Gunther
66%
Hillbilly Jim
66%
Kelly Kelly
66%
Mr Perfect
66%
Rhyno
66%
Rick Steiner
66%
Scott Steiner
66%
Titus O Neil
66%
Ricochet
65%
Test
65%
Earthquake
64%
Ezekiel Jackson
64%
Mustafa Ali
64%
Nikki Cross
64%
Prince Albert
64%
The Big Boss Man
64%
Zack Ryder
64%
Samoa Joe
63%
Andrade Almas
62%
Arn Anderson
62%
Bo Dallas
62%
Chad Gable
62%
Karl Anderson
62%
Maven
62%
Mickie James
62%
Natalya
62%
Sandman
62%
The Boogeyman
62%
Bron Breakker
61%
Fandango
61%
Montez Ford
61%
Sarah Logan
61%
Tommy Dreamer
61%
Ahmed Johnson
60%
Darren Young
60%
DDP
60%
Jesse James
60%
Karrion Kross
60%
Sabu
60%
Angelo Dawkins
59%
Bronson Reed
59%
Dakota Kai
59%
Otis
59%
Raquel Rodriguez
59%
Tyson Kidd
59%
William Regal
59%
Alexa Bliss
58%
Apollo Crews
58%
Austin Theory
58%
Bad Bunny
58%
Butch Reed
58%
Charlie Haas
58%
D-Lo Brown
58%
Haku
58%
Io Shirai
58%
Jimmy Snuka
58%
Johnny Gargano
58%
Junkyard Dog
58%
Kairi Sane
58%
King Kong Bundy
58%
Lance Storm
58%
Michelle McCool
58%
Omos
58%
Orlando Jordan
58%
Raven
58%
Ricardo Rodriguez
58%
Alex Riley
57%
Baron Corbin
57%
Faarooq
57%
Joey Mercury
57%
JTG
57%
Kharma
57%
Bad News Brown
56%
Evan Bourne
56%
Jim Neidhart
56%
Mike Knox
56%
Mr Kennedy
56%
Paul Roma
56%
Mason Ryan
55%
Vladimir Kozlov
55%
Yoshi Tatsu
55%
Brian Kendrick
54%
Enzo Amore
54%
Grand Master Sexay
54%
Grayson Waller
54%
Jeff Jarrett
54%
Perry Saturn
54%
Scotty Too Hotty
54%
Shayna Baszler
54%
Steve Blackman
54%
Tatanka
54%
Tazz
54%
Yoshihiro Tajiri
54%
Zelina Vega
54%
Al Snow
53%
Curt Hawkins
53%
Drew Carey
53%
Gene Snitsky
53%
Honky Tonk Man
53%
Jade Cargill
53%
Kwang
53%
Neville
53%
Billie Kay
52%
B.whacker Butch
52%
Fake Razor Ramon
52%
Jack Gallagher
52%
Paul London
52%
Val Venis
52%
B.whacker Luke
51%
Elias
51%
Elijah Burke
51%
Greg Valentine
51%
Kalisto
51%
Pat McAfee
51%
Rick Rude
51%
Sgt. Slaughter
51%
Bobby Roode
50%
Brodus Clay
50%
Carmella
50%
Epico
50%
Gangrel
50%
Ludwig Kaiser
50%
One Man Gang
50%
Pete Dunne
50%
Primo
50%
Rosey
50%
Sid Justice
50%
Simon Dean
50%
Steve Dunn
50%
Tito Santana
50%
Bam Bam Bigelow
49%
Big Van Vader
49%
Chelsea Green
49%
Chris Masters
49%
Crush
49%
Matt Riddle
49%
Bob Backlund
48%
Bull Buchanan
48%
Carmelo Hayes
48%
Marty Jannetty
48%
Tiffany Stratton
48%
Tugboat
48%
Dory Funk Jr
47%
El Torito
47%
Flash Funk
47%
Jaime Noble
47%
Jonathan Coachman
47%
Red Rooster
47%
Ruby Riott
47%
Santos Escobar
47%
Super Crazy
47%
Terry Funk
47%
Viktor
47%
Aiden English
46%
Col. Mustafa
46%
Doink the Clown
46%
Eugene
46%
Kenny Dykstra
46%
Kevin Thorn
46%
Rick Martel
46%
Tamina
46%
Toni Storm
46%
Chuck Palumbo
45%
Irwin R Schyster
45%
Ivar
45%
JD McDonagh
45%
Jordynne Grace
45%
Ken Shamrock
45%
Piper Niven
45%
Tucker Knight
45%
Candice LeRae
44%
Don Muraco
44%
Nunzio
44%
Samu
44%
Sonya Deville
44%
Eli Blu
43%
Jacob Blu
43%
Koko B. Ware
43%
Madcap Moss
43%
Tyler Breeze
43%
Tyler Reks
43%
Virgil
43%
Christopher Nowinski
42%
Indi Hartwell
42%
Johnny Knoxville
42%
Muhammad Hassan
42%
Ridge Holland
42%
Shotzi Blackheart
42%
Sylvan Grenier
42%
The Warlord
42%
Tye Dillinger
42%
Ember Moon
41%
Melina
41%
Mosh
41%
Torrie Wilson
41%
Damien Sandow
40%
Mia Yim
40%
The Texas Tornado
40%
Thrasher
40%
Dana Brooke
39%
Jillian Hall
39%
Lana
39%
Mark Jindrak
39%
Max Moon
39%
Rene Dupree
39%
Roxanne Perez
39%
Adam Bomb
38%
Bill DeMott
38%
Carlos Colon
38%
Daniel Puder
38%
Dino Bravo
38%
Gillberg
38%
Ivory
38%
Jacqueline
38%
Kacy Catanzaro
38%
Konnor
38%
Lacey Evans
38%
Maxxine Dupri
38%
Mojo Rawley
38%
Nikolai Volkoff
38%
Scott Dawson
38%
The Barbarian
38%
Zoey Stark
38%
Dash Wilder
37%
Brutus Beefcake
36%
Hunico
36%
Peyton Royce
36%
Tully Blanchard
36%
Victoria
36%
Alicia Fox
35%
B. Brian Blair
35%
Harley Race
35%
Henry O. Godwinn
35%
Hercules
35%
Jim Brunzell
35%
Phinneas I. Godwinn
35%
The Blue Meanie
35%
Bastion Booger
34%
Cameron
34%
Dick Murdoch
34%
Duke Droese
34%
Kayden Carter
34%
Mil Mascaras
34%
Rick Boogs
34%
Roderick Strong
34%
Sam Houston
34%
Tegan Nox
34%
Trevor Murdoch
34%
Darren Drozdov
33%
Genichiro Tenryu
33%
Hiroki Sumi
33%
Maria Kanellis
33%
No Way Jose
33%
Skinner
33%
Boris Zhukov
32%
Brian Knobbs
32%
Danny Davis
32%
Drew Gulak
32%
Emma
32%
Mike Kanellis
32%
SquatTeam Mem 1
32%
SquatTeam Mem 2
32%
Alba Fyre
31%
Cybernetico
31%
Dan Severn
31%
Marc Mero
31%
Psicosis
31%
Saba Simba
31%
Aldo Montoya
30%
Babatunde
30%
Dan Matha
30%
Ivy Nile
30%
James Ellsworth
30%
Jerry Sags
30%
Kenzo Suzuki
30%
Mantaur
30%
Ron Bass
30%
Summer Rae
30%
Takao Omori
30%
The Great Kabuki
30%
Shane Douglas
29%
Tom Brandi
29%
Kurrgan
28%
Timothy Well
28%
Tony Nese
28%
Doug Gilbert
27%
Ernest Miller
27%
The Berzerker
27%
B-Fab
26%
Damien Demento
26%
Hakushi
26%
Latin Lover
26%
Pierroth Jr
26%
Tiger Ali Singh
26%
Tom Prichard
26%
Mercedes Martinez
25%
Ronnie Garvin
25%
Aliyah
23%
Jimmy Del Ray
23%
Barry Horowitz
22%
Santana Garrett
16%

Score Distribution

Percentile by Number Answered

Percent of People with Each Score

Your Score History

You have not taken this quiz since the last reset